Nouvelles nouvelles /

Bibliographic Details
Main Author: Florian, 1755-1794
Format: Book
Language:French
Published: Paris : Imprimerie de Didot l'ainé, 1792.

MARC

Tag First Indicator Second Indicator Subfields
LEADER 00000cam a2200000Ia 4500
001 in00002338521
005 20151108051447.0
008 071106s1792 fr 000 1 fre d
035 |a (OCoLC)ocn180766859 
040 |a TXA  |c TXA  |d TXA  |d UtOrBLW 
049 |a TXAM 
090 |a PQ1983.F6  |b N6 1792b 
100 1 |a Florian,  |d 1755-1794. 
245 1 0 |a Nouvelles nouvelles /  |c par d M. de Florian. 
264 1 |a Paris :  |b Imprimerie de Didot l'ainé,  |c 1792. 
300 |a 198 pages ;  |c 17 cm. 
336 |a text  |b txt  |2 rdacontent 
337 |a unmediated  |b n  |2 rdamedia 
338 |a volume  |b nc  |2 rdacarrier 
505 0 |a Selmours -- Sélico -- Claudine -- Zulbar -- Camiré -- Valérie. 
501 |a With: Les six nouvelles de M. de Florian. Paris : Imprimerie de Didot l'ainé, 1792. 
700 1 2 |a Florian,  |d 1755-1794.  |t Six nouvelles de M. de Florian. 
740 0 2 |a Six nouvelles de M. de Florian. 
910 |a tp3107 
994 |a 02  |b TXA 
999 |a MARS 
999 f f |s 8ff7f044-9abd-3707-b1ad-75c1d5517ed2  |i 943f62cb-9166-3c1a-b3c7-f7b3c1c54ae8  |t 0 
952 f f |p noncirc  |a Texas A&M University  |b College Station  |c Cushing Memorial Library & Archives  |d Cushing: Dawson French (Does not check out)  |t 0  |e PQ1983.F6 N6 1792b  |h Library of Congress classification  |i unmediated -- volume 
998 f f |a PQ1983.F6 N6 1792b  |t 0  |l Cushing: Dawson French (Does not check out)